Memoria e identidad. Conversaciones al filo de dos milenios.

Furkejuvvon:
Bibliográfalaš dieđut
Váldodahkki: Juan Pablo II, (Wojtyła, Karol Józef), Papa 1920-2005 (autor)
Eará dahkkit: Piotrowski, Bodgan (traducción)
Materiálatiipa: Girji
Giella:espánnjágiella
Almmustuhtton: Santiago, Chile: Planeta Chilena, 2005.
Preanttus:2a. edición.
Fáttát:
Fáddágilkorat: Lasit fáddágilkoriid
Eai fáddágilkorat, Lasit vuosttaš fáddágilkora!

MARC

LEADER 00000cam a2200000 a 4500
001 UCK3170
003 CL-VaPUC
005 20230920110359.0
008 050415e20050000CL |||||||||||||||||spa|d
999 |c 441697  |d 441695 
020 |a 956-247-370-8 
040 |c Pontificia Universidad Católica de Valparaíso 
082 0 4 |a 261.7 JUA 2005  |2 21 
100 |a Juan Pablo II,  |q (Wojtyła, Karol Józef),   |c Papa  |d 1920-2005  |e autor  |9 866320 
245 1 0 |a Memoria e identidad.  |b Conversaciones al filo de dos milenios. 
250 |a 2a. edición.  
260 |a Santiago, Chile:   |b Planeta Chilena,  |c 2005. 
300 |a 214 páginas.  
583 |a last modification  |c 20160526 03:31:42  |k Yessy Sthefany Diaz Vidal 
600 0 |a Juan Pablo II,  |q (Wojtyła, Karol Józef),   |c Papa  |d 1920-2005  |v Conversaciones  |9 866320 
650 0 |a Bien y mal   |9 311093  |v Aspectos religiosos y políticos 
650 0 |a Cristianismo  |9 257361  |v Aspectos políticos   |z Europa  
650 0 |a Libertad  |9 255686  |v Aspectos religiosos y políticos  |x Iglesia Católica  
700 |a Piotrowski, Bodgan   |9 884335  |e traducción 
942 |c BK  |2 ddc 
945 |d 20050415 00:00:00  |a cmena 
952 |0 0  |1 0  |2 ddc  |4 0  |6 261_700000000000000_JUA_2005  |7 0  |8 A  |9 591333  |a BIBTEO  |b BIBTEO  |c GEN  |d 2023-08-23  |e Donación   |i 5658464  |l 1  |o 261.7 JUA 2005  |p 5658464  |r 2025-01-17  |s 2023-10-16  |t 1  |w 2023-08-23  |y BK  |k ICR